Statistics for MLB Affiliates of Triple-A Baseball Teams

Click here to take the quiz!

General Stats

  • This quiz has been taken 164 times
    (96 since last reset)
  • The average score is 14 of 30

Answer Stats

HintAnswer% Correct
Iowa CubsChicago Cubs
91%
Syracuse MetsNew York Mets
91%
Worcester Red SoxBoston Red Sox
88%
Oklahoma City DodgersLos Angeles Dodgers
87%
Buffalo BisonsToronto Blue Jays
66%
Durham BullsTampa Bay Rays
57%
Scranton/Wilkes-Barre RailRidersNew York Yankees
55%
Louisville BatsCincinnati Reds
54%
Lehigh Valley IronPigsPhiladelphia Phillies
54%
Gwinnett StripersAtlanta Braves
52%
Memphis RedbirdsSt. Louis Cardinals
52%
Toledo Mud HensDetroit Tigers
49%
Norfolk TidesBaltimore Orioles
45%
Las Vegas AviatorsOakland Athletics
45%
Sacramento River CatsSan Francisco Giants
45%
Tacoma RainiersSeattle Mariners
45%
Albuquerque IsotopesColorado Rockies
43%
Salt Lake BeesLos Angeles Angels
43%
El Paso ChihuahuasSan Diego Padres
42%
Charlotte KnightsChicago White Sox
40%
Columbus ClippersCleveland Indians
40%
Omaha Storm ChasersKansas City Royals
37%
Indianapolis IndiansPittsburgh Pirates
37%
Round Rock ExpressHouston Astros
30%
Reno AcesArizona Diamondbacks
28%
Rochester Red WingsMinnesota Twins
27%
Wichita Wind SurgeMiami Marlins
24%
Nashville SoundsTexas Rangers
21%
San Antonio MissionsMilwaukee Brewers
18%
Fresno GrizzliesWashington Nationals
18%

Score Distribution

Percentile by Number Answered

Percent of People with Each Score

Your Score History

You have not taken this quiz since the last reset